000 00311nam a2200121Ia 4500
005 20251222144716.0
008 251222s9999||||xx |||||||||||||| ||spa||
082 _a510.3/V21
100 _aValenzuela Alfaro, David
245 0 _aMatemática
264 _bEscuela de Periodismo Jaime Bausate y Meza
942 _cLIB
999 _c18027
_d18027